Experiments in modern physics / (Record no. 180889)

000 -LEADER
fixed length control field 01239 a2200253 4500
003 - CONTROL NUMBER IDENTIFIER
control field NUST
005 - DATE AND TIME OF LATEST TRANSACTION
control field 20221128155508.0
010 ## - LIBRARY OF CONGRESS CONTROL NUMBER
LC control number 2002117796
020 ## - INTERNATIONAL STANDARD BOOK NUMBER
International Standard Book Number (acid-free paper)
035 ## - SYSTEM CONTROL NUMBER
System control number (DLC) 2002117796
040 ## - CATALOGING SOURCE
Transcribing agency Nust
082 00 - DEWEY DECIMAL CLASSIFICATION NUMBER
Classification number 530.78,MEL
100 1# - MAIN ENTRY--PERSONAL NAME
Personal name Melissinos, Adrian C.
9 (RLIN) 35544
245 10 - TITLE STATEMENT
Title Experiments in modern physics /
Statement of responsibility, etc. Adrian C. Melisssinos, Jim Napolitano
250 ## - EDITION STATEMENT
Edition statement 2nd ed.
260 ## - PUBLICATION, DISTRIBUTION, ETC.
Place of publication, distribution, etc. Islamabad
Name of publisher, distributor, etc. National Book Foundation
Date of publication, distribution, etc. c2003.
300 ## - PHYSICAL DESCRIPTION
Extent xviii, 526 p. :
Other physical details ill. ;
Dimensions 24 cm.
505 ## - FORMATTED CONTENTS NOTE
Formatted contents note Experiments Of Optimization (Page-1), Electrons In Solids (Page-45), Electronics And Data Acquisition (Page-89), Lasers (Page-151), Optics Experiments (Page-179), High Resolution Spectroscopy (Page-215), Magnetic Resonance Experiments (Page-251), Particle Detectors And Radioactive Decay (Page-295), Scattering And Coincidence Experiments (Page-367), Elements From The Theory Of Statistics (Page-423).
650 #0 - SUBJECT ADDED ENTRY--TOPICAL TERM
Topical term or geographic name entry element Physics
General subdivision Experiments.
9 (RLIN) 35545
700 1# - ADDED ENTRY--PERSONAL NAME
Personal name Napolitano, Jim
9 (RLIN) 495
856 42 - ELECTRONIC LOCATION AND ACCESS
Materials specified Publisher description
Uniform Resource Identifier <a href="http://www.loc.gov/catdir/description/els031/2002117796.html">http://www.loc.gov/catdir/description/els031/2002117796.html</a>
856 42 - ELECTRONIC LOCATION AND ACCESS
Materials specified Table of contents
Uniform Resource Identifier <a href="http://www.loc.gov/catdir/toc/els031/2002117796.html">http://www.loc.gov/catdir/toc/els031/2002117796.html</a>
942 ## - ADDED ENTRY ELEMENTS (KOHA)
Source of classification or shelving scheme
Koha item type Book
Call number prefix 530.78,MEL
Holdings
Withdrawn status Lost status Source of classification or shelving scheme Damaged status Not for loan Permanent Location Current Location Shelving location Date acquired Full call number Barcode Date last seen Price effective from Koha item type Public note
          Military College of Signals (MCS) Military College of Signals (MCS) General Stacks 12/12/2016 530.078,MEL MCS33731 12/08/2016 12/12/2016 Book Almirah No.77, Shelf No.3
          Military College of Signals (MCS) Military College of Signals (MCS) General Stacks 12/12/2016 530.78,MEL MCS33732 12/08/2016 12/12/2016 Book Almirah No.77, Shelf No.3
          Military College of Signals (MCS) Military College of Signals (MCS) General Stacks 12/12/2016 530.78,MEL MCS33733 12/08/2016 12/12/2016 Book Almirah No.77, Shelf No.3
          Military College of Signals (MCS) Military College of Signals (MCS) General Stacks 12/12/2016 530.78,MEL MCS33734 12/08/2016 12/12/2016 Book Almirah No.16, Shelf No.2
© 2023 Central Library, National University of Sciences and Technology. All Rights Reserved.